000 00720nam a2200289Ia 4500
005 20260324113117.0
008 008 260324s9999 xx 000 0 eng d
020 _a9781003183853
037 _aEBOOK
040 _aCRL
040 _beng
040 _cCRL
041 _2eng
041 _aeng
084 _qCRL
100 _aGeorge Nicholas; Joe Watkins
_91145458
245 0 _aWorking as Indigenous Archaeologists
245 0 _bReckoning New Paths Between Past and Present Lives
260 _bTaylor and Francis
260 _c2024
365 _a
365 _b360
856 _uhttp://www.taylorfrancis.com/books/9781003183853
942 _cEBOOK
999 _c1734939
_d1734939